Their Name Starts With I - Statistics

General Stats
  • This quiz has been taken 15 times
  • The average score is 7 of 12
Answer Stats
Picture Hint Answer % Correct
Law & Order: SVU - Colors (Song) Ice T
93%
Friday Movies - It Was A Good Day (Song) Ice Cube
87%
The Passenger - Search and Destroy Iggy Pop
80%
Daughter of U.S. President - Advisor to the President 2017 to 2021 Ivanka Trump
80%
X Men Movies - Lord of the Rings Movies Ian McKellen
73%
Thor/Avengers Movies - Luther - Idris Elba
73%
Shaft Theme - South Park (Voice Actor) Isaac Hayes
60%
"Queen of Broadway" - Rent - Wicked Idina Menzel
47%
Detroit Pistons - Basketball Hall of Fame Isiah Thomas
40%
Baseball Hall of Fame - Seattle Mariners Ichiro Suzuki
33%
Lost - The Vampire Diaries Ian Somerhalder
27%
Fancy - Black Widow Iggy Azalea
27%
No matching quizzes found
Score Distribution
Percent of People with Each Score
Percentile by Number Answered
Your Score History
You have not taken this quiz